Spokojnosť zamestnancov v zdravotníckom zariadení v období hospodárskej krízy

Základné charakteristiky a faktory, ktoré ovplyvňujú spokojnosť zamestnancov. Výsledky výskumu spokojnosti zamestnancov vo Vranovskej nemocnici.

Guardado en:
Detalles Bibliográficos
Autor principal: Hajduová, Zuzana, 1974-
Otros Autores: Andrejkovič, Marek, Bosáková, Lucia
Formato: Capítulo de libro
Lenguaje:eslovaco
Materias:
Etiquetas: Agregar Etiqueta
Sin Etiquetas, Sea el primero en etiquetar este registro!

MARC

LEADER 00000naa$a2200000$$$4500
001 0144896
005 20240605094115.7
041 0 |a slo 
044 |a SK 
245 1 0 |a Spokojnosť zamestnancov v zdravotníckom zariadení v období hospodárskej krízy  |c Zuzana Hajduová, Marek Andrejkovič, Lucia Bosáková 
520 |a Základné charakteristiky a faktory, ktoré ovplyvňujú spokojnosť zamestnancov. Výsledky výskumu spokojnosti zamestnancov vo Vranovskej nemocnici. 
610 2 0 |a zamestnanci 
610 2 0 |a spokojnosť v práci 
610 2 0 |a nemocnice 
610 2 0 |a motivácia pracovná 
610 2 0 |a výskum štatistický 
610 2 0 |a metódy štatistické 
100 1 |a Hajduová, Zuzana, 1974- 
700 1 |a Andrejkovič, Marek 
700 1 |a Bosáková, Lucia